| 000 | 00753nam a22002297a 4500 | ||
|---|---|---|---|
| 001 | 5649 | ||
| 003 | FISKH | ||
| 005 | 20250109112416.0 | ||
| 008 | 250109b cb ||||| |||| 00| 0 eng d | ||
| 020 | _a0782615457 | ||
| 040 |
_aFISKH _beng _cFISKH _dFISKH |
||
| 050 | _aQA135.5 | ||
| 082 | _a516 | ||
| 100 | _aEncyclopaedia Britannica Educational Corporation | ||
| 245 |
_aTriangles and beyond / _cby Encyclopaedia Britannica Educational Corporation |
||
| 260 |
_aChicago : _bEncyclopaedia Britannica Educational Corporation ; _c1998. |
||
| 300 |
_a49 pages : _billustrations ; _c28 cm . |
||
| 490 | _aMathematics in Context | ||
| 520 | _aSupplemental math textbook - Student activities involving triangles | ||
| 942 |
_2ddc _cBK _n0 |
||
| 999 |
_c5649 _d5649 |
||